01727nam a2200469 i 450000100060000000300080000600500170001400600190003100700150005000800410006502000270010602000180013303500230015103500240017403500250019803500210022304000310024405000250027508000100030008200140031010000180032424500680034226400420041030000410045233600310049333700330052433800430055750000220060050400290062258801240065159001590077565000300093465000330096465000380099765000480103565000220108365000270110565500270113279700190115985600620117899900170124083622FlNmELB20241217152029.0m o d | cr cnu||||||||160610s2007 sp ob 001 0 spa d a9788425429781 (e-book) z9788425425233 a(MiAaPQ)EBC4507821 a(Au-PeEL)EBL4507821 a(CaPaEBR)ebr11205290 a(OCoLC)984804542 aFINmELBbspaerdacFINmELB 4aBF723.S62bW668 2007 a159.90 a155.42231 aWild, Rebeca.10aAprender a vivir con niños :bser para educar /cRebeca Wild. 1aBarcelona :bHerder Editorial,c2007. a1 recurso en línea (254 páginas) atextobtxt2rdacontent/spa acomputadorabc2rdamedia/spa arecurso en líneabcr2rdacarrier/spa aIncluye índice. aContiene bibliografía. aDescripción basada en recurso en línea; Título de la página del título en PDF (e-libro, visto June 10, 2016). aRecurso electronico. Santa Fe, Arg. : e-libro, 2016. Disponible via World Wide Web. El acceso puede ser limitado para las bibliotecas afiliadas a e-libro. 0aDevelopmental psychology. 4aPsicología del desarrollo. 0aChild psychologyxSocial aspects. 4aPsicología del niñoxAspectos sociales. 0aEducationzSpain. 4aEducaciónzESpaña. 4aLibros electrónicos.2 ae-libro, Corp.40uhttps://elibro.net/ereader/politecnicointernacional/45680 c83622d83622